Score 0/32 Timer 07:00
0 Plays Today
Rank Hulk Villains % Correct
2.U.S. Soldiers
96.2%
3.Abomination
96.2%
22.Hulkbusters Soldiers
96.2%
1.General 'Thunderbolt' Ross (Red Hulk)
96%
4.Leader
93.4%
8.Absorbing Man
77%
11.Juggernaut (Cain Marko)
71.8%
5.Rhino
68.7%
28.Doctor Doom
64.9%
6.Col. Glenn Talbot
61.2%
19.Wendigo (Paul Cartier)
59%
17.Zzzax
56.2%
7.MODOK
53.8%
20.Vapor
52.8%
18.Ironclad
52.2%
26.Vector (Simon Utretch)
52.2%
Rank Hulk Villains % Correct
25.X-Ray
51.4%
14.Bi-Beast
49%
24.Maestro (Earth-9200)
48.1%
12.Sandman
47.6%
13.Gremlin (Titanium Man)
38.8%
30.Tyrannus
33.6%
9.Mandarin
30.3%
32.Glob
29.4%
29.Miek
28%
16.Dr. Bruce Banner (Doctor Doom's clone)
27.2%
31.Psyklop
22.3%
27.Griffin (Clown)
21.3%
15.Clay Quartermain
19.2%
10.The Leader's Humanoids
15.1%
21.Missing Link
14.4%
23.Hiro-Kala
14%
Remove Ads.
Support Sporcle.
Get the best of Sporcle when you Go Orange. This ad-free experience offers more features, more stats, and more fun while also helping to support Sporcle. Thank you for becoming a member.

You're not logged in!

Compare scores with friends on all Sporcle quizzes.
OR
Log In

Show Comments

Extras

Top Quizzes Today


Score Distribution

Your Account Isn't Verified!

In order to create a playlist on Sporcle, you need to verify the email address you used during registration. Go to your Sporcle Settings to finish the process.

Report this User

Report this user for behavior that violates our Community Guidelines.

Details: